[Event "Verbandsliga Suedbaden 2324"]
[Site "Baden"]
[Date "2024.02.18"]
[Round "6.1"]
[White "Lutz, Bernhard"]
[Black "Ehmann, Thilo"]
[Result "0-1"]
[WhiteElo "2329"]
[BlackElo "2385"]
[PlyCount "84"]
[EventDate "2023.09.24"]
[EventType "team-tourn"]
[EventRounds "9"]
[EventCountry "GER"]
[SourceTitle "EXT 2025"]
[Source "ChessBase"]
[SourceDate "2024.10.14"]
[SourceVersion "1"]
[SourceVersionDate "2024.10.14"]
[SourceQuality "1"]
[WhiteTeam "Dreilaendereck"]
[BlackTeam "Kuppenheim"]
[WhiteTeamCountry "GER"]
[BlackTeamCountry "GER"]

1. d4 Nf6 2. c4 c5 3. d5 e6 4. Nc3 exd5 5. cxd5 d6 6. Nf3 g6 7. h3 Bg7 8. Bf4 0-0 9. e3 a6 10. a4 Qe7 11. Nd2 Nbd7 12. Be2 Ne5 13. 0-0 Ne8 14. Bh2 Nc7 15. Qc2 Rb8 16. a5 b5 17. axb6 Rxb6 18. f4 Nd7 19. Nc4 Rb4 20. f5 Ne5 21. f6 Bxf6 22. Ne4 Bg7 23. Ncxd6 Nxd5 24. Qxc5 Be6 25. Rxa6 Nd7 26. Qa5 Rxb2 27. Bf3 Nxe3 28. Re1 Nc2 29. Rf1 Nd4 30. Bd1 Ra2 31. Qxa2 Bxa2 32. Rxa2 f5 33. Nd2 Qe6 34. Ra3 Ne5 35. Bxe5 Bxe5 36. N6c4 Bb8 37. Re3 Qc6 38. Rfe1 Qc7 39. Ne5 Nc2 40. Bxc2 Qxc2 41. R3e2 Bxe5 42. Nf3 Qc5+ 0-1

[Event "Verbandsliga Suedbaden 2324"]
[Site "Baden"]
[Date "2024.01.21"]
[Round "5.3"]
[White "Akermann, Thomas"]
[Black "Lutz, Bernhard"]
[Result "1/2-1/2"]
[WhiteElo "2145"]
[BlackElo "2329"]
[PlyCount "77"]
[EventDate "2023.09.24"]
[EventType "team-tourn"]
[EventRounds "9"]
[EventCountry "GER"]
[SourceTitle "EXT 2025"]
[Source "ChessBase"]
[SourceDate "2024.10.14"]
[SourceVersion "1"]
[SourceVersionDate "2024.10.14"]
[SourceQuality "1"]
[WhiteTeam "Gottmadingen"]
[BlackTeam "Dreilaendereck"]
[WhiteTeamCountry "GER"]
[BlackTeamCountry "GER"]

1. Nf3 d5 2. e3 c6 3. c4 Nf6 4. d4 Bf5 5. Nc3 e6 6. Nh4 Be4 7. f3 Bg6 8. Qb3 Qb6 9. Bd2 Nbd7 10. 0-0-0 Be7 11. Nxg6 hxg6 12. Qxb6 axb6 13. h3 0-0-0 14. Bd3 dxc4 15. Bxc4 b5 16. Bb3 Nb6 17. Kb1 Nfd5 18. e4 Nxc3+ 19. Bxc3 Na4 20. Be1 Bf6 21. Bf2 Rd7 22. Rd2 Rhd8 23. Rhd1 Nc5 24. Bc2 Bg5 25. Re2 Na6 26. h4 Bf6 27. Red2 Nc7 28. g4 c5 29. d5 exd5 30. Bxc5 Bxh4 31. e5 Bg3 32. Bd6 Ne8 33. Rxd5 Nxd6 34. exd6 Rxd6 35. Rc5+ Kb8 36. Rxd6 Bxd6 37. Rxb5 Kc7 38. Be4 b6 39. Rd5 1/2-1/2

[Event "Verbandsliga Suedbaden 2122"]
[Site "Baden"]
[Date "2021.10.10"]
[Round "1.2"]
[White "Ehmann, Thilo"]
[Black "Lutz, Bernhard"]
[Result "1/2-1/2"]
[WhiteElo "2352"]
[BlackElo "2329"]
[PlyCount "171"]
[EventDate "2021.10.10"]
[EventType "team-tourn"]
[EventRounds "9"]
[EventCountry "GER"]
[SourceTitle "EXT 2023"]
[Source "ChessBase"]
[SourceDate "2022.10.05"]
[SourceVersion "1"]
[SourceVersionDate "2022.10.05"]
[SourceQuality "1"]
[WhiteTeam "Sasbach"]
[BlackTeam "Dreilaendereck"]
[WhiteTeamCountry "GER"]
[BlackTeamCountry "GER"]

1. e4 c5 2. Nf3 e6 3. d4 cxd4 4. Nxd4 a6 5. c4 Nf6 6. Nc3 Qc7 7. a3 b6 8. Be2 Bb7 9. f3 d6 10. Be3 Be7 11. 0-0 0-0 12. Rc1 Nbd7 13. Qe1 Rac8 14. Qf2 Qb8 15. Rfd1 Bd8 16. Kh1 Bc7 17. Qg1 Rfe8 18. Bf2 Qa8 19. Nc2 Qb8 20. Bf1 Kh8 21. Be3 Rg8 22. Bg5 Ne5 23. Be3 Ned7 24. Bg5 Ne5 25. Qd4 Nc6 26. Qf2 Ne5 27. Nb4 Nfd7 28. f4 Ng6 29. Rd3 f6 30. Bh4 d5 31. cxd5 Bxf4 32. Bg3 exd5 33. Nbxd5 Bxd5 34. Rxd5 Bxg3 35. Qxg3 Qxg3 36. hxg3 Nc5 37. Rcd1 Rge8 38. Be2 Ne5 39. b4 Ne6 40. Na4 b5 41. Nc5 Nxc5 42. bxc5 Kg8 43. a4 Nc4 44. axb5 axb5 45. R1d4 Ne3 46. Bxb5 Nxd5 47. Bxe8 Nc3 48. Bh5 g6 49. Rc4 Nxe4 50. Rxe4 gxh5 51. Rc4 Kf7 52. Kg1 Ke6 53. Kf2 Kd5 54. Rh4 Rxc5 55. Rxh5+ Kd6 56. Rxh7 Rf5+ 57. Ke3 Ke6 58. g4 Rf1 59. Ra7 Rb1 60. Kf2 Rb3 61. g3 Rb2+ 62. Kf3 Rb3+ 63. Kg2 Rb2+ 64. Kh3 Rc2 65. Ra5 Kf7 66. g5 fxg5 67. Kg4 Kg8 68. Ra6 Kg7 69. Kxg5 Rc5+ 70. Kh4 Rb5 71. g4 Rc5 72. Ra1 Rb5 73. Ra4 Kg6 74. Ra6+ Kg7 75. Rd6 Ra5 76. Rc6 Rb5 77. Rc3 Ra5 78. Rf3 Rb5 79. g5 Rb1 80. Kg4 Kg6 81. Rf6+ Kg7 82. Rf3 Kg6 83. Rf6+ Kg7 84. Kf5 Rf1+ 85. Ke6 Re1+ 86. Kf5 1/2-1/2

[Event "Oberliga Baden 1819"]
[Site "Baden"]
[Date "2019.02.03"]
[Round "6.2"]
[White "Lutz, Bernhard"]
[Black "Gschnitzer, Oswald"]
[Result "1/2-1/2"]
[WhiteElo "2338"]
[BlackElo "2373"]
[PlyCount "30"]
[EventDate "2018.10.21"]
[EventType "team-tourn"]
[EventRounds "9"]
[EventCountry "GER"]
[SourceTitle "EXT 2020"]
[Source "ChessBase"]
[SourceDate "2019.10.17"]
[SourceVersion "1"]
[SourceVersionDate "2019.10.17"]
[SourceQuality "1"]
[WhiteTeam "Dreilaendereck"]
[BlackTeam "Walldorf"]
[WhiteTeamCountry "GER"]
[BlackTeamCountry "GER"]

1. d4 Nf6 2. c4 e6 3. Nf3 b6 4. g3 Ba6 5. Qc2 Bb4+ 6. Bd2 Bxd2+ 7. Nbxd2 c5 8. Bg2 Nc6 9. Qa4 Bb7 10. Ne5 cxd4 11. Nxc6 Qc7 12. Nb3 Bxc6 13. Bxc6 Qxc6 14. Qxc6 dxc6 15. Nxd4 c5 1/2-1/2

[Event "Oberliga Baden 1718"]
[Site "Baden"]
[Date "2018.02.04"]
[Round "6.4"]
[White "Lutz, Bernhard"]
[Black "Seitz, Benjamin"]
[Result "1-0"]
[WhiteElo "2333"]
[BlackElo "2183"]
[PlyCount "79"]
[EventDate "2017.10.08"]
[EventType "team-tourn"]
[EventRounds "9"]
[EventCountry "GER"]
[SourceTitle "EXT 2019"]
[Source "ChessBase"]
[SourceDate "2018.10.10"]
[SourceVersion "1"]
[SourceVersionDate "2018.10.10"]
[SourceQuality "1"]
[WhiteTeam "Dreilaendereck"]
[BlackTeam "Brombach"]
[WhiteTeamCountry "GER"]
[BlackTeamCountry "GER"]

1. d4 e6 2. c4 Bb4+ 3. Bd2 Qe7 4. Nf3 Nf6 5. g3 b6 6. Bg2 Bb7 7. 0-0 Bxd2 8. Qxd2 0-0 9. Nc3 Ne4 10. Nxe4 Bxe4 11. Qf4 d5 12. Rac1 c5 13. dxc5 bxc5 14. cxd5 exd5 15. Qe3 Qb7 16. Qxc5 Qxb2 17. Qd6 Qxe2 18. Nd4 Qa6 19. Qe7 Bxg2 20. Kxg2 Qa4 21. Rfe1 Nd7 22. Nf5 Nf6 23. Nh6+ gxh6 24. Qxf6 Rae8 25. Qxh6 Qxa2 26. Qg5+ Kh8 27. Qf6+ Kg8 28. Rxe8 Rxe8 29. Rc7 d4 30. Qg5+ Kh8 31. Qf6+ Kg8 32. Rc5 Qa4 33. Rg5+ Kf8 34. Qh8+ Ke7 35. Re5+ Kd8 36. Qf6+ Kc8 37. Rc5+ Kb7 38. Qxf7+ Ka6 39. Rc7 Ra8 40. Qe6+ 1-0

[Event "Oberliga Baden 1617"]
[Site "Baden"]
[Date "2017.05.07"]
[Round "9.2"]
[White "Germer, Philipp"]
[Black "Lutz, Bernhard"]
[Result "0-1"]
[WhiteElo "2167"]
[BlackElo "2320"]
[PlyCount "86"]
[EventDate "2016.10.16"]
[EventType "team-tourn"]
[EventRounds "9"]
[EventCountry "GER"]
[SourceTitle "EXT 2018"]
[Source "ChessBase"]
[SourceDate "2017.10.13"]
[SourceVersion "1"]
[SourceVersionDate "2017.10.13"]
[SourceQuality "1"]
[WhiteTeam "Oberwinden"]
[BlackTeam "Dreilaendereck"]
[WhiteTeamCountry "GER"]
[BlackTeamCountry "GER"]

1. e4 c5 2. Nf3 e6 3. d4 cxd4 4. Nxd4 a6 5. Bd3 Nf6 6. 0-0 Qc7 7. Be3 d6 8. Nd2 Bd7 9. a4 Nc6 10. f4 Be7 11. c3 0-0 12. b4 e5 13. Nxc6 Qxc6 14. c4 Ng4 15. Qe2 Nxe3 16. Qxe3 exf4 17. Qxf4 Bf6 18. Ra3 Qb6+ 19. Kh1 Be5 20. Qf2 Qxb4 21. Rb3 Qxa4 22. Rxb7 Be6 23. Rfb1 a5 24. Qb6 Qa3 25. Be2 Qa2 26. Qe3 Qc2 27. Bd3 Qc3 28. R7b3 Qd4 29. Qe2 a4 30. Nf3 Bg4 31. Ra3 Qc5 32. Qa2 Bxf3 33. gxf3 g6 34. Bf1 Kg7 35. Rb5 Qa7 36. Rb4 Qe7 37. Raxa4 Rxa4 38. Rxa4 Rb8 39. Qf2 Rb2 40. Be2 Qg5 41. c5 dxc5 42. Ra7 Bd4 43. Qf1 Rxe2 0-1

[Event "Oberliga Baden 1617"]
[Site "Baden"]
[Date "2017.02.05"]
[Round "5.4"]
[White "Schwing, Hans Elmar"]
[Black "Lutz, Bernhard"]
[Result "1/2-1/2"]
[WhiteElo "2320"]
[BlackElo "2320"]
[PlyCount "74"]
[EventDate "2016.10.16"]
[EventType "team-tourn"]
[EventRounds "9"]
[EventCountry "GER"]
[SourceTitle "EXT 2018"]
[Source "ChessBase"]
[SourceDate "2017.10.13"]
[SourceVersion "1"]
[SourceVersionDate "2017.10.13"]
[SourceQuality "1"]
[WhiteTeam "Dreisamtal"]
[BlackTeam "Dreilaendereck"]
[WhiteTeamCountry "GER"]
[BlackTeamCountry "GER"]

1. d4 d5 2. c4 c6 3. Nf3 Nf6 4. e3 Bf5 5. Nc3 e6 6. Nh4 Be4 7. f3 Bg6 8. Qb3 Qc7 9. Bd2 Nbd7 10. 0-0-0 dxc4 11. Bxc4 Nb6 12. Be2 Be7 13. g3 a5 14. e4 a4 15. Qc2 a3 16. b3 Rc8 17. Kb1 Qb8 18. Bf4 Qa7 19. Nxg6 hxg6 20. g4 Qa5 21. Bd2 Qa8 22. g5 Nfd7 23. f4 c5 24. d5 exd5 25. Nxd5 Nxd5 26. exd5 0-0 27. f5 c4 28. fxg6 cxb3 29. gxf7+ Rxf7 30. Qxb3 Nc5 31. Qh3 Bxg5 32. Bxg5 Qa5 33. Bc4 Qb4+ 34. Bb3 Qe4+ 35. Bc2 Qb4+ 36. Bb3 Qe4+ 37. Bc2 Qb4+ 1/2-1/2

[Event "Verbandsliga Suedbaden 1516"]
[Site "Baden"]
[Date "2015.09.27"]
[Round "1.2"]
[White "Lutz, Bernhard"]
[Black "Schmider, Bernd"]
[Result "1-0"]
[WhiteElo "2318"]
[BlackElo "2212"]
[PlyCount "111"]
[EventDate "2015.09.27"]
[EventType "team-tourn"]
[EventRounds "9"]
[EventCountry "GER"]
[SourceTitle "EXT 2022"]
[Source "ChessBase"]
[SourceDate "2021.10.06"]
[SourceVersion "1"]
[SourceVersionDate "2021.10.06"]
[SourceQuality "1"]
[WhiteTeam "Dreilaendereck"]
[BlackTeam "Lahr"]
[WhiteTeamCountry "GER"]
[BlackTeamCountry "GER"]

1. d4 Nf6 2. c4 c5 3. d5 b5 4. cxb5 a6 5. bxa6 g6 6. Nc3 Bxa6 7. g3 d6 8. Bg2 Bg7 9. Nf3 0-0 10. Rb1 Nbd7 11. 0-0 Qa5 12. Bd2 Bb7 13. b3 Qa7 14. Bc1 Nb6 15. e4 Rad8 16. Qc2 Ba6 17. Rd1 Nbd7 18. h3 Ne8 19. Be3 Qc7 20. Bf4 Qa5 21. Bd2 Qc7 22. Bf1 Bxf1 23. Rxf1 Nb8 24. Qd3 Qc8 25. Kg2 Na6 26. Nb5 Qb7 27. Rfc1 f5 28. Ng5 fxe4 29. Nxe4 Rf5 30. Ba5 Rb8 31. Nbc3 Nb4 32. Qc4 Kh8 33. g4 Rf4 34. Bxb4 cxb4 35. Ne2 Rf8 36. Nd4 Nf6 37. Nxf6 Bxf6 38. Nc6 Ra8 39. Rc2 Bc3 40. a4 e6 41. Re2 exd5 42. Qxd5 Rf7 43. Rd1 Raf8 44. Rd3 Rc7 45. Na5 Qxd5+ 46. Rxd5 Rc5 47. Rxc5 dxc5 48. Nc4 Bd4 49. a5 Ra8 50. Re7 Kg8 51. f4 Bf6 52. Rc7 Bd8 53. Rxc5 Kf7 54. Rb5 Be7 55. Kf3 Rd8 56. Ke4 1-0

[Event "SUI-chT"]
[Site "Switzerland"]
[Date "2014.10.11"]
[Round "8.5"]
[White "Sedina, Elena"]
[Black "Lutz, Bernhard"]
[Result "1/2-1/2"]
[WhiteElo "2326"]
[BlackElo "2319"]
[PlyCount "38"]
[EventDate "2014.03.16"]
[EventType "team-tourn"]
[EventRounds "9"]
[EventCountry "SUI"]
[SourceTitle "EXT 2015"]
[Source "ChessBase"]
[SourceDate "2014.11.20"]
[SourceVersion "1"]
[SourceVersionDate "2014.11.20"]
[SourceQuality "1"]
[WhiteTeam "Mendrisio"]
[BlackTeam "Bern Schwarz Weiss"]
[WhiteTeamCountry "SUI"]
[BlackTeamCountry "SUI"]

1. e4 c5 2. Nf3 e6 3. c3 d5 4. exd5 exd5 5. d4 Nf6 6. Bb5+ Bd7 7. Bxd7+ Nbxd7 8. 0-0 Be7 9. Qb3 b6 10. Ne5 Qc8 11. Bg5 0-0 12. Re1 Re8 13. Nd2 c4 14. Qc2 Nf8 15. h3 Nh5 16. Bxe7 Rxe7 17. Qd1 Nf4 18. Qf3 N8e6 19. h4 f6 1/2-1/2

[Event "SUI-chT"]
[Site "Switzerland"]
[Date "2014.06.15"]
[Round "4.5"]
[White "Lutz, Bernhard"]
[Black "Papa, Severin"]
[Result "0-1"]
[WhiteElo "2374"]
[BlackElo "2374"]
[PlyCount "122"]
[EventDate "2014.03.16"]
[EventType "team-tourn"]
[EventRounds "9"]
[EventCountry "SUI"]
[SourceTitle "EXT 2015"]
[Source "ChessBase"]
[SourceDate "2014.11.20"]
[SourceVersion "1"]
[SourceVersionDate "2014.11.20"]
[SourceQuality "1"]
[WhiteTeam "Bern Schwarz Weiss"]
[BlackTeam "Reti"]
[WhiteTeamCountry "SUI"]
[BlackTeamCountry "SUI"]

1. d4 d5 2. c4 c6 3. Nf3 Nf6 4. Qc2 dxc4 5. Qxc4 Bg4 6. Nc3 Nbd7 7. e4 Bxf3 8. gxf3 e5 9. Be3 Bd6 10. 0-0-0 Qc7 11. Rg1 0-0 12. Bh6 Ne8 13. f4 exd4 14. e5 Be7 15. Qxd4 Rd8 16. Qe3 Kh8 17. Bg5 Bxg5 18. fxg5 Nb6 19. Qc5 Rxd1+ 20. Nxd1 Kg8 21. Bd3 g6 22. f4 Ng7 23. Nc3 Ne6 24. Qe3 Nd5 25. Nxd5 cxd5+ 26. Kb1 Qc5 27. Qxc5 Nxc5 28. Kc2 Rc8 29. Kd2 Nxd3 30. Kxd3 Rc4 31. Rg4 Re4 32. Rh4 b5 33. a3 a5 34. Kc3 Kg7 35. Kd3 b4 36. axb4 Rxb4 37. Kc3 Rc4+ 38. Kd3 a4 39. Kd2 Re4 40. Kd3 Kg8 41. Kd2 Kf8 42. Kc3 Ke7 43. Kd3 Ke6 44. Kc3 Kd7 45. Kd3 Ke7 46. Kc3 Rc4+ 47. Kd2 Rb4 48. Kc2 Kd7 49. Kc3 Rb3+ 50. Kc2 Rf3 51. Rxh7 Rxf4 52. Rh8 Ke6 53. Re8+ Kf5 54. Kc3 Kxg5 55. Rd8 Kf5 56. Rxd5 Rh4 57. Ra5 Rh3+ 58. Kc4 Rxh2 59. Rxa4 Rh4+ 60. Kb5 Rxa4 61. Kxa4 g5 0-1

[Event "Oberliga Baden 1314"]
[Site "Germany"]
[Date "2014.02.23"]
[Round "7.5"]
[White "Lutz, Bernhard"]
[Black "Scherer, Max"]
[Result "1-0"]
[WhiteElo "2363"]
[BlackElo "2271"]
[PlyCount "143"]
[EventDate "2013.10.13"]
[EventType "team-tourn"]
[EventRounds "9"]
[EventCountry "GER"]
[SourceTitle "EXT 2015"]
[Source "ChessBase"]
[SourceDate "2014.11.20"]
[SourceVersion "1"]
[SourceVersionDate "2014.11.20"]
[SourceQuality "1"]
[WhiteTeam "Baden-Baden III"]
[BlackTeam "Dreisamtal"]
[WhiteTeamCountry "GER"]
[BlackTeamCountry "GER"]

1. d4 b6 2. Nf3 Bb7 3. g3 e6 4. c4 f5 5. Bg2 Nf6 6. 0-0 Qc8 7. Nc3 Bb4 8. Bd2 0-0 9. d5 Na6 10. Nd4 Nc5 11. Qc2 Bxc3 12. Bxc3 Nfe4 13. b4 Nxc3 14. bxc5 bxc5 15. Nxe6 Nxe2+ 16. Qxe2 dxe6 17. Rab1 Re8 18. Rfe1 e5 19. Qb2 Ba6 20. Rxe5 Qd7 21. Rxe8+ Rxe8 22. Qc2 f4 23. Be4 Qh3 24. Bf5 Qh5 25. Be6+ Kf8 26. Qe4 Qg5 27. Qxh7 Ke7 28. Qe4 Kd6 29. Re1 Bc8 30. Kf1 fxg3 31. hxg3 c6 32. Qf3 cxd5 33. cxd5 Bxe6 34. dxe6 Rxe6 35. Qf8+ Kd7 36. Rd1+ Kc7 37. Qa8 Rb6 38. Qxa7+ Rb7 39. Qa5+ Kc8 40. Qa8+ Kc7 41. Qa5+ Kc8 42. Qa6 Qf5 43. Qa8+ Kc7 44. Qd8+ Kc6 45. Qd6+ Kb5 46. a4+ Ka5 47. Qd8+ Kb4 48. Qd2+ Kxa4 49. Qa2+ Kb5 50. Rb1+ Qxb1+ 51. Qxb1+ Kc6 52. Qe4+ Kb6 53. f4 Rc7 54. Qe6+ Kb5 55. Qb3+ Kc6 56. Ke2 Rd7 57. Qa4+ Kd6 58. Kf3 Rc7 59. Qa6+ Rc6 60. Qd3+ Kc7 61. Qc4 g6 62. g4 Kd6 63. Ke4 Kc7 64. Ke5 Kd7 65. f5 gxf5 66. gxf5 Ke7 67. Qd5 Rh6 68. Qxc5+ Kd7 69. Qd5+ Ke7 70. Qb7+ Kf8 71. f6 Rh7 72. Qxh7 1-0

[Event "Oberliga Baden 1314"]
[Site "Germany"]
[Date "2013.11.10"]
[Round "2.5"]
[White "Adler, Joel Arturo Manuel"]
[Black "Lutz, Bernhard"]
[Result "1/2-1/2"]
[WhiteElo "2292"]
[BlackElo "2359"]
[PlyCount "92"]
[EventDate "2013.10.13"]
[EventType "team-tourn"]
[EventRounds "9"]
[EventCountry "GER"]
[SourceTitle "EXT 2015"]
[Source "ChessBase"]
[SourceDate "2014.11.20"]
[SourceVersion "1"]
[SourceVersionDate "2014.11.20"]
[SourceQuality "1"]
[WhiteTeam "Kirchheim"]
[BlackTeam "Baden-Baden III"]
[WhiteTeamCountry "GER"]
[BlackTeamCountry "GER"]

1. d4 Nf6 2. c4 g6 3. Nc3 d5 4. Bg5 Ne4 5. Bh4 Nxc3 6. bxc3 dxc4 7. e3 Be6 8. Rb1 Qd5 9. Be2 Qa5 10. Bf3 Bd5 11. Rxb7 Qxc3+ 12. Kf1 Bxf3 13. Nxf3 Qa5 14. Qc2 Bg7 15. Qxc4 0-0 16. Bxe7 Re8 17. Bb4 Qf5 18. Rxc7 a5 19. e4 Qf6 20. e5 Qf5 21. Nh4 Qb1+ 22. Ke2 Qe4+ 23. Kf1 Kh8 24. Qxf7 Rg8 25. Be7 Qd3+ 26. Ke1 Na6 27. Rc1 Nb4 28. Bxb4 axb4 29. Nf3 Rgc8 30. Rd1 Qe4+ 31. Kf1 Rc2 32. Re1 Qd3+ 33. Kg1 Rcxa2 34. h3 b3 35. e6 Qc2 36. Ng5 Qd2 37. Kh2 Qxd4 38. e7 Be5+ 39. Rxe5 Qxe5+ 40. f4 Rxg2+ 41. Kxg2 Ra2+ 42. Kg3 Qe3+ 43. Nf3 Qf2+ 44. Kg4 Qg2+ 45. Kh4 Qf2+ 46. Kg4 Qg2+ 1/2-1/2

[Event "EU-Cup 29th"]
[Site "Rhodes"]
[Date "2013.10.25"]
[Round "6.4"]
[White "Lutz, Bernhard"]
[Black "Dzierzenga, Stefan"]
[Result "1-0"]
[WhiteElo "2339"]
[BlackElo "2173"]
[PlyCount "69"]
[EventDate "2013.10.20"]
[EventType "team-swiss"]
[EventRounds "7"]
[EventCountry "GRE"]
[SourceTitle "CBM 157"]
[Source "ChessBase"]
[SourceDate "2013.11.12"]
[SourceVersion "1"]
[SourceVersionDate "2013.11.12"]
[SourceQuality "1"]
[WhiteTeam "Reichenstein"]
[BlackTeam "Baden Invest"]
[WhiteTeamCountry "SUI"]
[BlackTeamCountry "AUT"]

1. d4 Nf6 2. c4 c5 3. d5 b5 4. cxb5 a6 5. bxa6 g6 6. Nc3 Bxa6 7. g3 d6 8. Bg2 Bg7 9. Nf3 Nbd7 10. Rb1 Nb6 11. 0-0 Bc4 12. Ne1 Bxa2 13. Nxa2 Rxa2 14. Nc2 Ra8 15. e4 Nfd7 16. h4 h5 17. f4 0-0 18. g4 hxg4 19. e5 dxe5 20. f5 Nf6 21. Bg5 Nbd7 22. fxg6 fxg6 23. Ne3 Ra6 24. Qd3 Ra4 25. Qxg6 Qe8 26. Qc2 Rb4 27. Nf5 Nh5 28. Nxe7+ Kh8 29. Ng6+ Kg8 30. Ne7+ Kh8 31. Rxf8+ Nxf8 32. Qxc5 Rb5 33. Qc4 Nf4 34. d6 Qb8 35. Qg8# 1-0

[Event "Oberliga Baden 1213"]
[Site "Baden"]
[Date "2013.03.17"]
[Round "8.4"]
[White "Metz, Hartmut"]
[Black "Lutz, Bernhard"]
[Result "1/2-1/2"]
[WhiteElo "2320"]
[BlackElo "2331"]
[PlyCount "44"]
[EventDate "2012.10.14"]
[EventType "team-tourn"]
[EventRounds "9"]
[EventCountry "GER"]
[SourceTitle "EXT 2014"]
[Source "ChessBase"]
[SourceDate "2013.11.20"]
[SourceVersion "1"]
[SourceVersionDate "2013.11.20"]
[SourceQuality "1"]
[WhiteTeam "Kuppenheim"]
[BlackTeam "Baden-Baden III"]
[WhiteTeamCountry "GER"]
[BlackTeamCountry "GER"]

1. Nf3 c5 2. c3 d5 3. d4 e6 4. Bf4 Nc6 5. e3 Nf6 6. Nbd2 Be7 7. Bd3 Nh5 8. Be5 Nxe5 9. Nxe5 Nf6 10. 0-0 0-0 11. f4 Bd7 12. Rf3 g6 13. Rh3 Be8 14. Qe2 Nd7 15. Ndf3 Rc8 16. Kh1 a6 17. Nxd7 Qxd7 18. Qf2 f6 19. Rg1 Bd6 20. Qh4 Qg7 21. g4 cxd4 22. cxd4 Bb5 1/2-1/2

[Event "Basel Hilton op 15th"]
[Site "Basel"]
[Date "2013.01.02"]
[Round "2"]
[White "Heinis, Vincent"]
[Black "Lutz, Bernhard"]
[Result "0-1"]
[WhiteElo "2101"]
[BlackElo "2348"]
[PlyCount "88"]
[EventDate "2013.01.01"]
[EventType "swiss"]
[EventRounds "7"]
[EventCountry "SUI"]
[SourceTitle "CBM 152 Extra"]
[Source "ChessBase"]
[SourceDate "2013.02.25"]
[SourceVersion "1"]
[SourceVersionDate "2013.02.25"]
[SourceQuality "1"]

1. e4 c5 2. Nc3 e6 3. f4 Nc6 4. Nf3 d5 5. exd5 exd5 6. Bb5 a6 7. Qe2+ Be7 8. Bxc6+ bxc6 9. Ne5 Qc7 10. 0-0 Nf6 11. b3 0-0 12. Ba3 Bb7 13. Na4 Qa5 14. d3 Rfe8 15. Qe1 Qc7 16. Bxc5 Nd7 17. Qf2 Nxc5 18. Nxc5 f6 19. Nf3 Bc8 20. Nd2 Qa5 21. Na4 Bb4 22. Nf3 Bg4 23. a3 Bd6 24. g3 Re7 25. Rfe1 Rae8 26. c3 Qb5 27. Rxe7 Rxe7 28. Nd4 Qxd3 29. Re1 c5 30. Rxe7 Bxe7 31. Qe1 cxd4 32. Qxe7 Qd1+ 33. Kf2 Qd2+ 34. Kg1 Qc1+ 35. Kf2 Qd2+ 36. Kg1 h5 37. cxd4 Bf3 38. Kf1 Qg2+ 39. Ke1 Qg1+ 40. Kd2 Qxd4+ 41. Kc1 Qg1+ 42. Kb2 Qxh2+ 43. Ka1 Qxg3 44. Nc5 Qg1+ 0-1

[Event "Basel Hilton op 15th"]
[Site "Basel"]
[Date "2013.01.02"]
[Round "3"]
[White "Lutz, Bernhard"]
[Black "Wirz, Heinz"]
[Result "0-1"]
[WhiteElo "2348"]
[BlackElo "2161"]
[PlyCount "168"]
[EventDate "2013.01.01"]
[EventType "swiss"]
[EventRounds "7"]
[EventCountry "SUI"]
[SourceTitle "CBM 152 Extra"]
[Source "ChessBase"]
[SourceDate "2013.02.25"]
[SourceVersion "1"]
[SourceVersionDate "2013.02.25"]
[SourceQuality "1"]

1. d4 Nf6 2. c4 g6 3. Nc3 Bg7 4. e4 d6 5. Nf3 0-0 6. Be2 e5 7. Be3 Ng4 8. Bg5 f6 9. Bh4 Nc6 10. 0-0 Nh6 11. dxe5 dxe5 12. Qd5+ Kh8 13. h3 Qe7 14. Rad1 g5 15. Bg3 a6 16. Qd2 Be6 17. Nd5 Qf7 18. b4 Rad8 19. Qb2 g4 20. hxg4 Bxg4 21. b5 Bxf3 22. bxc6 Bxe2 23. Qxe2 bxc6 24. Nb4 c5 25. Nxa6 Rd4 26. Nxc5 Qxc4 27. Qxc4 Rxc4 28. Rc1 Rxc1 29. Rxc1 Ra8 30. Ne6 Rxa2 31. Rxc7 Ra1+ 32. Kh2 Ng4+ 33. Kh3 h5 34. Bh4 Rh1+ 35. Kg3 Bh6 36. f3 Bf4+ 37. Nxf4 exf4+ 38. Kxf4 Rxh4 39. Kg3 Rh1 40. fxg4 h4+ 41. Kf2 Rb1 42. Rc5 Rb2+ 43. Kf3 Kg7 44. g5 Kg6 45. gxf6 Kxf6 46. Rf5+ Ke6 47. Rh5 Rb3+ 48. Kf4 Rg3 49. Rg5 Rc3 50. Rg6+ Kf7 51. Rg4 h3 52. g3 Rc2 53. Rh4 h2 54. g4 Kg6 55. Rh5 Rf2+ 56. Kg3 Re2 57. Kf3 Rc2 58. e5 Rc3+ 59. Kf4 Rc4+ 60. Kf3 Rc3+ 61. Ke4 Rc2 62. Kd5 Rd2+ 63. Kc6 Kf7 64. Rh6 Ke7 65. g5 Rg2 66. Kd5 Rd2+ 67. Ke4 Re2+ 68. Kf5 Rf2+ 69. Kg6 Ke6 70. Kh7+ Kxe5 71. g6 Rg2 72. g7 Kf4 73. Rh3 Kg4 74. g8Q+ Kxh3 75. Qe6+ Kg3 76. Qe3+ Kg4 77. Qe4+ Kh3 78. Qf3+ Rg3 79. Qf1+ Kg4 80. Kg6 Rg1 81. Qf5+ Kh4+ 82. Kh6 h1Q 83. Qf4+ Kh3 84. Qe3+ Kg2+ 0-1

[Event "SUI-chT"]
[Site "Switzerland"]
[Date "2012.10.21"]
[Round "9.8"]
[White "Mauron, Pierre"]
[Black "Lutz, Bernhard"]
[Result "0-1"]
[WhiteElo "2112"]
[BlackElo "2325"]
[PlyCount "106"]
[EventDate "2012.03.18"]
[EventType "team-tourn"]
[EventRounds "9"]
[EventCountry "SUI"]
[SourceTitle "EXT 2013"]
[Source "ChessBase"]
[SourceDate "2012.11.22"]
[SourceVersion "1"]
[SourceVersionDate "2012.11.22"]
[SourceQuality "1"]
[WhiteTeam "Neuchatel"]
[BlackTeam "Reichenstein"]
[WhiteTeamCountry "SUI"]
[BlackTeamCountry "SUI"]

1. e4 c5 2. Nf3 e6 3. d4 cxd4 4. Nxd4 a6 5. Nc3 Qc7 6. Be2 Nf6 7. 0-0 d6 8. f4 Be7 9. Kh1 Nc6 10. Be3 Bd7 11. a4 0-0 12. Nb3 Rac8 13. a5 Nb4 14. Bb6 Qb8 15. Bf3 Bc6 16. Nd4 Bd8 17. Nxc6 Nxc6 18. Bd4 Nd7 19. e5 dxe5 20. fxe5 Nxd4 21. Qxd4 Nxe5 22. Be2 Be7 23. Bd3 Nxd3 24. Qxd3 Qc7 25. Ra4 Qc6 26. Raf4 f5 27. Qe2 Bf6 28. R4f3 Qc4 29. Qe1 Rfe8 30. Re3 Bd4 31. Rd3 Bxc3 32. Rxc3 Qd5 33. Rd3 Qb5 34. Rb3 Qd5 35. Rd3 Qc6 36. Rc3 Qd7 37. Rd3 Qf7 38. Qf2 e5 39. Rfd1 Rc7 40. Rd8 Rce7 41. Qc5 h6 42. c4 e4 43. R8d5 Rc7 44. Qd4 f4 45. b3 e3 46. Re5 Rxe5 47. Qxe5 Re7 48. Qd5 Qxd5 49. cxd5 Rd7 50. Kg1 e2 51. Re1 Rxd5 52. Rxe2 Rxa5 53. Kf2 Rb5 0-1

[Event "SUI-chT"]
[Site "Switzerland"]
[Date "2012.10.20"]
[Round "8.7"]
[White "Lutz, Bernhard"]
[Black "Maeser, Fabian"]
[Result "1-0"]
[WhiteElo "2325"]
[BlackElo "2289"]
[PlyCount "87"]
[EventDate "2012.03.18"]
[EventType "team-tourn"]
[EventRounds "9"]
[EventCountry "SUI"]
[SourceTitle "EXT 2013"]
[Source "ChessBase"]
[SourceDate "2012.11.22"]
[SourceVersion "1"]
[SourceVersionDate "2012.11.22"]
[SourceQuality "1"]
[WhiteTeam "Reichenstein"]
[BlackTeam "Wollishofen"]
[WhiteTeamCountry "SUI"]
[BlackTeamCountry "SUI"]

1. d4 Nf6 2. c4 g6 3. Nc3 Bg7 4. e4 d6 5. Nf3 0-0 6. Be2 e5 7. Be3 h6 8. dxe5 Ng4 9. Bc1 Nxe5 10. Nd4 Nbc6 11. Be3 h5 12. Qd2 Ng4 13. Bg5 Bf6 14. Bxf6 Qxf6 15. Nf3 Be6 16. 0-0 Nge5 17. Nd5 Nxf3+ 18. Bxf3 Bxd5 19. cxd5 Nd4 20. Bd1 c5 21. dxc6 bxc6 22. Ba4 a5 23. Rad1 c5 24. f4 Ra7 25. Kh1 Kg7 26. Qc3 Rc8 27. b3 Rcc7 28. Rde1 Ne6 29. e5 dxe5 30. fxe5 Qg5 31. Bb5 Nd4 32. Bd3 Kh7 33. h3 Ne6 34. Rf6 Re7 35. Ref1 a4 36. bxa4 Kg8 37. a5 Qe3 38. a6 Rad7 39. R6f3 Qg5 40. Bb5 Rd4 41. Qa5 Rd2 42. R3f2 Rxf2 43. Rxf2 Qg3 44. Rf3 1-0